000 00535nam a22001697a 4500
005 20251108172739.0
008 250721s2003 xx 000 0 ara d
082 1 4 _a344.032/عزا
100 1 _aالعزام، سهيل محمد
_eمؤلف
245 1 0 _aالمبادئ الأساسية التي تحكم سير المرافق العامة /
264 1 _aإربد :
_b]د.م]،
_c2003.
300 _a51ص.
650 1 7 _aتشريعات البيئة
650 1 7 _aالقانون الإداري
942 _2ddc
_cBK
999 _c87453
_d87453